000 00982nam a2200301 i 4500
001 000008179
003 DO-SdBNP
005 20250131081544.0
007 ta
008 090915s1980 dr a 001 f spa d
040 _aDO-SdBNP
_bspa
_cBNPHU
_erda
082 4 _aRD863.44
_bM827g
_222
100 1 _aMora Serrano, Manuel,
_d1933-
_95162
_eautor
_4aut.
245 1 0 _aGoeiza /
_cManuel Mora Serrano; Edición de Fredy Gatón Arce
264 1 _aSanto Domingo :
_bEditora Taller,
_c1980.
300 _a284 páginas
_bilustraciones
_c23 cm.
336 _atexto
_btxt
_2rdacontent
337 _asin mediación
_bn
_2rdamedia
338 _avolumen
_bnc
_2rdacarrier
490 1 _aLiteratura ;
_v2
500 _aIncluye datos biográficos del autor en la solapa.
586 _aPremio Siboney 1979.
650 0 _aNovela dominicana
_9223
650 0 _aLiteratura dominicana.
_967
700 1 _aGatón Arce, Freddy,
_d1920-1994
_eedición
_4ed.
_97946
910 _aYLockward
942 _2ddc
_cLBS1
999 _c7954
_d7954